Epistolario / (Record no. 68050)
[ view plain ]
| 000 -LEADER | |
|---|---|
| campo de control de longitud fija | 00768nam a2200229 i 4500 |
| 001 - NÚMERO DE CONTROL | |
| campo de control | 68050 |
| 003 - IDENTIFICADOR DE NÚMERO DE CONTROL | |
| campo de control | ES-MaACL |
| 005 - FECHA Y HORA DE LA ÚLTIMA TRANSACCIÓN | |
| campo de control | 20250721151258.0 |
| 007 - CAMPO FIJO DE DESCRIPCIÓN FÍSICA--INFORMACIÓN GENERAL | |
| campo de control de longitud fija | t| |
| 008 - DATOS DE LONGITUD FIJA--INFORMACIÓN GENERAL | |
| campo de control de longitud fija | 040217s1919 sp |||| |dspa d |
| 100 1# - ENTRADA PRINCIPAL--NOMBRE DE PERSONA | |
| Nombre de persona | Ganivet, Ángel, |
| Fechas asociadas al nombre | 1865-1898 |
| 9 (RLIN) | 53864 |
| 245 10 - MENCIÓN DEL TÍTULO | |
| Título | Epistolario / |
| Mención de responsabilidad, etc. | de Ángel Ganivet. |
| 250 ## - MENCION DE EDICION | |
| Mención de edición | 2ª ed. |
| 260 ## - PUBLICACIÓN, DISTRIBUCIÓN, ETC. | |
| Lugar de publicación, distribución, etc. | Madrid : |
| Nombre del editor, distribuidor, etc. | Victoriano Suárez, |
| Fecha de publicación, distribución, etc. | 1919 ( |
| Fabricante | Hijos de Tello) |
| 300 ## - DESCRIPCIÓN FÍSICA | |
| Extensión | 304 p. ; |
| Dimensiones | 19 cm. |
| 530 ## - NOTA DISPONIBLE DE FORMULARIO FÍSICO ADICIONAL | |
| Nota de formato físico adicional disponible | Disponible en formato digital. |
| 600 17 - PUNTO DE ACCESO ADICIONAL DE MATERIA--NOMBRE DE PERSONA | |
| Nombre de persona | Ganivet, Ángel, |
| Fechas asociadas al nombre | 1865-1898- |
| Subdivisión de forma | Correspondencia |
| 9 (RLIN) | 166717 |
| 852 ## - LOCALIZACIÓN | |
| Ubicación | ES-MaACL |
| Número de control de estantería | F-5330 |
| Ubicación en estantería | Depósito 2 |
| Nota libre | Revisado enlace: 21 de julio de 2025 |
| 856 4# - LOCALIZACIÓN Y ACCESO ELECTRÓNICOS | |
| Identificador Uniforme de Recursos | <a href="https://archive.org/details/epistolari00gani/page/n8 ">https://archive.org/details/epistolari00gani/page/n8 </a> |
| Texto de enlace | Internet Archive |
| 942 ## - ELEMENTOS DE ENTRADA SECUNDARIOS (KOHA) | |
| Fuente del sistema de clasificación o colocación | Clasificación decimal universal |
| Estatus retirado | Estado de pérdida | Estado de daño | No para préstamo | Colección | Biblioteca de origen | Biblioteca actual | Ubicación en estantería | Fecha de adquisición | Fuente de adquisición | Total de préstamos | Signatura topográfica completa | Código de barras | Visto por última vez | Precio de reemplazo | Tipo de ítem Koha |
|---|---|---|---|---|---|---|---|---|---|---|---|---|---|---|---|
| Colección digital | Biblioteca del Ateneo de Madrid | Biblioteca del Ateneo de Madrid | Depósito 2 | 17/01/2008 | F-5330 | 1071243 | 23/02/2023 | 23/02/2023 | Libro impreso |
